God in the Garden : (Record no. 651)
[ view plain ]
| 000 -LEADER | |
|---|---|
| fixed length control field | 01021cam a2200325Ia 4500 |
| 001 - CONTROL NUMBER | |
| control field | 60713124 |
| 003 - CONTROL NUMBER IDENTIFIER | |
| control field | OCoLC |
| 005 - DATE AND TIME OF LATEST TRANSACTION | |
| control field | 20180821171514.0 |
| 008 - FIXED-LENGTH DATA ELEMENTS--GENERAL INFORMATION | |
| fixed length control field | 050624s2005 ncuaf 000 0 eng d |
| 010 ## - LIBRARY OF CONGRESS CONTROL NUMBER | |
| LC control number | 57013496 |
| 020 ## - INTERNATIONAL STANDARD BOOK NUMBER | |
| International Standard Book Number | 1593280300 |
| 020 ## - INTERNATIONAL STANDARD BOOK NUMBER | |
| International Standard Book Number | 9781593280307 |
| 035 ## - SYSTEM CONTROL NUMBER | |
| System control number | (OCoLC)60713124 |
| 040 ## - CATALOGING SOURCE | |
| Original cataloging agency | KUS |
| Transcribing agency | KUS |
| Modifying agency | WIQ |
| 043 ## - GEOGRAPHIC AREA CODE | |
| Geographic area code | n-us-nc |
| 050 0# - LIBRARY OF CONGRESS CALL NUMBER | |
| Classification number | BV3775.N5 |
| Item number | M5 2005 |
| 082 ## - DEWEY DECIMAL CLASSIFICATION NUMBER | |
| Classification number | 261.24 |
| Item number | M681G |
| 092 ## - LOCALLY ASSIGNED DEWEY CALL NUMBER (OCLC) | |
| Classification number | 269.24 |
| Item number | M69g 2005 |
| 092 ## - LOCALLY ASSIGNED DEWEY CALL NUMBER (OCLC) | |
| Classification number | 269.24 |
| Item number | M69g |
| 100 1# - MAIN ENTRY--PERSONAL NAME | |
| Personal name | Mitchell, Curtis. |
| 245 10 - TITLE STATEMENT | |
| Title | God in the Garden : |
| Remainder of title | the story of Billy Graham's first New York crusade. |
| 250 ## - EDITION STATEMENT | |
| Edition statement | 2005 commemorative ed. |
| 260 ## - PUBLICATION, DISTRIBUTION, ETC. | |
| Place of publication, distribution, etc. | Charlotte, N.C. : |
| Name of publisher, distributor, etc. | Billy Graham Evangelistic Association, |
| Date of publication, distribution, etc. | 2005. |
| 300 ## - PHYSICAL DESCRIPTION | |
| Extent | 195 p., [16] leaves of plates : |
| Other physical details | ill. ; |
| Dimensions | 21 cm. |
| 500 ## - GENERAL NOTE | |
| General note | Original version: Garden City, N.Y. : Doubleday, 1957. |
| 600 10 - SUBJECT ADDED ENTRY--PERSONAL NAME | |
| Personal name | Graham, Billy, |
| Dates associated with a name | 1918-2018 |
| 610 20 - SUBJECT ADDED ENTRY--CORPORATE NAME | |
| Corporate name or jurisdiction name as entry element | Madison Square Garden (New York, N.Y.) |
| 650 #0 - SUBJECT ADDED ENTRY--TOPICAL TERM | |
| Topical term or geographic name entry element | Revivals |
| Geographic subdivision | New York (State) |
| -- | New York. |
| 942 ## - ADDED ENTRY ELEMENTS (KOHA) | |
| Source of classification or shelving scheme | Dewey Decimal Classification |
| Koha item type | Books |
| Withdrawn status | Lost status | Source of classification or shelving scheme | Damaged status | Not for loan | Collection code | Home library | Current library | Shelving location | Date acquired | Total Checkouts | Full call number | Barcode | Date last seen | Price effective from | Koha item type |
|---|---|---|---|---|---|---|---|---|---|---|---|---|---|---|---|
| Dewey Decimal Classification | Non-fiction | Harvest Mission College | Harvest Mission College | General Stacks | 21.08.2018 | 261.24 M681G | 002287 | 21.08.2018 | 21.08.2018 | Books |
